000 00463nam a2200157Ia 4500
008 240729s9999 xx 000 0 und d
022 _a2472-2707
245 0 _aJournal of Cybersecurity Education, Research & Practice
260 _aUnited States
260 _bKennesaw State University
650 _a Special aspects of education
650 _aEducation
856 _uhttps://doaj.org/toc/f12618f3ef0140f0a72affd9e5340a60
942 _2ddc
942 _cDOAJEJ
999 _c66464
_d66464
945 _a1
_bMadushi Gamage
_c1
_dMadushi Gamage